| 000 | 00418nam a2200157Ia 4500 | ||
|---|---|---|---|
| 008 | 210716s2000 xx 000 0 und d | ||
| 020 | _a8120301404 | ||
| 041 | _aeng | ||
| 082 | _a005.131 GORG | ||
| 100 | _aGordon, Geoffrey. | ||
| 245 | _aSystem simulation. | ||
| 250 | _a2 | ||
| 260 |
_aNew Delhi _bPrentice Hall of India PVt Ltd. _c2000 |
||
| 300 | _axii,324/2015 | ||
| 650 | _aAutomata,Formal Languages(005.131) | ||
| 999 |
_c195460 _d195460 |
||